00883nam a2200253 4500003000400000005001700004008004100021020001800062040001800080050002000098245003500118264005600153300002500209336002200234337002400256338002400280650002400304650003800328650006300366650004900429942001100478999001700489952012300506OSt20260601193853.0260506b be a|||| |||| 00| 0 eng d a9789174170221 aICIbspacICI aTH9445bD6 2008 1aDo it yourself safety at home. bIMP Books for IKEA FAMILY Belgiumc2008.aBelgium : a117 páginasc25cm. atexto2rdacontent asin medio2rdamedia avolumen2rdacarrier aHome safety.932643 aAccident preventionxHome.932644 aDwellingsxMaintenance and repairxSafety measures.932645 aDo-it-yourself workxSafety measures.932646 2lcccB c21942d21942 00102lcc4070aBDIMFMbBDIMFMd2026-05-06l0oTH9445 D6 2008pBDIMFM000926r2026-05-06 18:37:00tEj.1w2026-05-06yB